<?xml version="1.0" encoding="UTF-8"?>
<collection xmlns="http://www.loc.gov/MARC21/slim">
 <record>
  <leader>01178nam a22002057a 4500</leader>
  <controlfield tag="001">NCT_55675</controlfield>
  <controlfield tag="008">190102b        xxu||||| |||| 00| 0 vie d</controlfield>
  <datafield tag="999" ind1=" " ind2=" ">
   <subfield code="c">2684</subfield>
   <subfield code="d">2684</subfield>
  </datafield>
  <datafield tag="020" ind1=" " ind2=" ">
   <subfield code="a">9786046606758</subfield>
   <subfield code="c">31000</subfield>
  </datafield>
  <datafield tag="082" ind1="0" ind2="4">
   <subfield code="2">23rd ed.</subfield>
   <subfield code="a">613</subfield>
   <subfield code="b">L121</subfield>
  </datafield>
  <datafield tag="100" ind1="1" ind2=" ">
   <subfield code="a">Nguyễn Đình Lân</subfield>
  </datafield>
  <datafield tag="245" ind1="1" ind2="0">
   <subfield code="a">Cẩm nang sức khỏe chia sẻ cùng cộng đồng</subfield>
   <subfield code="c">Nguyễn Đình Lân</subfield>
  </datafield>
  <datafield tag="260" ind1=" " ind2=" ">
   <subfield code="a">H.</subfield>
   <subfield code="b">Y học</subfield>
   <subfield code="c">2014</subfield>
  </datafield>
  <datafield tag="300" ind1=" " ind2=" ">
   <subfield code="a">71 tr.</subfield>
   <subfield code="c">21cm</subfield>
  </datafield>
  <datafield tag="520" ind1="3" ind2=" ">
   <subfield code="a">Cuốn sách cung cấp các phương pháp phòng, chữa bệnh không dùng thuốc và trang bị cho độc giả những kiến thức cần thiết để chủ động phòng tránh bệnh tật và tạo dựng một cuộc sống có ý nghĩa. </subfield>
  </datafield>
  <datafield tag="653" ind1=" " ind2=" ">
   <subfield code="a">Y đa khoa</subfield>
  </datafield>
  <datafield tag="942" ind1=" " ind2=" ">
   <subfield code="2">ddc</subfield>
   <subfield code="c">BK</subfield>
  </datafield>
  <datafield tag="952" ind1=" " ind2=" ">
   <subfield code="0">0</subfield>
   <subfield code="1">0</subfield>
   <subfield code="2">ddc</subfield>
   <subfield code="4">0</subfield>
   <subfield code="6">613_000000000000000_L121</subfield>
   <subfield code="7">0</subfield>
   <subfield code="9">14921</subfield>
   <subfield code="a">000001</subfield>
   <subfield code="b">000001</subfield>
   <subfield code="d">2019-01-02</subfield>
   <subfield code="l">2</subfield>
   <subfield code="o">613 L121</subfield>
   <subfield code="p">MD.14024</subfield>
   <subfield code="r">2020-10-20</subfield>
   <subfield code="s">2020-10-09</subfield>
   <subfield code="v">31000.00</subfield>
   <subfield code="w">2019-01-02</subfield>
   <subfield code="y">BK</subfield>
  </datafield>
  <datafield tag="952" ind1=" " ind2=" ">
   <subfield code="0">0</subfield>
   <subfield code="1">0</subfield>
   <subfield code="2">ddc</subfield>
   <subfield code="4">0</subfield>
   <subfield code="6">613_000000000000000_L121</subfield>
   <subfield code="7">0</subfield>
   <subfield code="9">14922</subfield>
   <subfield code="a">000001</subfield>
   <subfield code="b">000001</subfield>
   <subfield code="d">2019-01-02</subfield>
   <subfield code="o">613 L121</subfield>
   <subfield code="p">MD.14025</subfield>
   <subfield code="r">2019-01-02</subfield>
   <subfield code="v">31000.00</subfield>
   <subfield code="w">2019-01-02</subfield>
   <subfield code="y">BK</subfield>
  </datafield>
  <datafield tag="980" ind1=" " ind2=" ">
   <subfield code="a">Thư viện Trường Đại học Nam Cần Thơ</subfield>
  </datafield>
 </record>
</collection>
